000 01220nam0a22003011 4500
001 rc\350709
005 20030307122552.7
010 _a5-03-000929-9
_91170
035 _a(NLR Aleph) 005565267
090 _a5954243
_c5954243
100 _a20030307d1989 u |0rusy50 ca
101 0 _arus
102 _aRU
105 _aa |||||||||
200 1 _aКимберлиты и лампроиты Западной Австралии
_fА. Джейкс, Дж. Луис, К. Смит
_gПер. с англ. Е.Н. Горной и др.
_gПод ред. Н.В. Соболева
210 _aМ.
_cМир
_d1989
215 _a430 с.
_cил.
_d25
300 _aПеревод изд.: The kimberlites and lamproites of Western Australia (Poy A.L. Jaques, J.D. Lewis, C.B. Smith (Rerth, 1986)
320 _aБиблиогр.: с. 404-418 (381 назв.)
320 _aУказ. имен., предм. и геогр.: с. 419-428
700 1 _aДжейкс
_bА. Л.
_gАллан Линтон
701 1 _aЛуис
_bД. Д.
_gДжон Дейвид
701 1 _aСмит
_bК. Б.
_gКристофер Брайан
801 0 _aRU
_bNLR
_gpsbo
801 1 _aRU
_bELAR
_2rusmarc
852 _aNLR
_j89-7/785
942 _cBOOK
980 _aNB